Kỹ thuật pha trộn màu và sơn
Mục đích của cuốn sách này là nhằm hướng dẫn việc pha trộn và sơn của các thợ sơn, các nhà trang trí và những người khác liên quan một cách chặt chẽ đến cách sử dụng màu có hiệu quả và có thẩm mĩ....
Gespeichert in:
| 1. Verfasser: | |
|---|---|
| Format: | Buch |
| Sprache: | Undetermined |
| Veröffentlicht: |
Tp. HCM
Trẻ
1997
|
| Schlagworte: | |
| Tags: |
Tag hinzufügen
Keine Tags, Fügen Sie den ersten Tag hinzu!
|
| Thư viện lưu trữ: | Trung tâm Học liệu Trường Đại học Cần Thơ |
|---|
| LEADER | 00795nam a2200181Ia 4500 | ||
|---|---|---|---|
| 001 | CTU_21911 | ||
| 008 | 210402s9999 xx 000 0 und d | ||
| 082 | |a 698.1 | ||
| 082 | |b V242 | ||
| 100 | |a F N Vanderwalker | ||
| 245 | 0 | |a Kỹ thuật pha trộn màu và sơn | |
| 245 | 0 | |c F N Vanderwalker, Ngọc Thạch | |
| 260 | |a Tp. HCM | ||
| 260 | |b Trẻ | ||
| 260 | |c 1997 | ||
| 520 | |a Mục đích của cuốn sách này là nhằm hướng dẫn việc pha trộn và sơn của các thợ sơn, các nhà trang trí và những người khác liên quan một cách chặt chẽ đến cách sử dụng màu có hiệu quả và có thẩm mĩ. | ||
| 650 | |a painting | ||
| 980 | |a Trung tâm Học liệu Trường Đại học Cần Thơ | ||